000 00439cam a22001457a 4500
008 180718b1968 xxu||||| |||| 00| 0 eng d
082 _aB19x73 B439
100 _aBennis, Warren G.
245 _aTemporary society
_cby Warren G. Bennis and Philip E. Salter
260 _aNew York
_bHarper
_c1968
300 _a147p.
650 _aUnited States - Social Conditions.
650 _aSocial Change - United States
700 _aSalter, Philip E.
999 _c341229
_d341229